Selected poems /

Bibliographic Details
Main Author: Ormond, John, 1923-1990
Format: Book
Language:English
Published: Bridgend, Mid Glamorgan : Poetry Wales Press ; 1987.

MARC

Tag First Indicator Second Indicator Subfields
LEADER 00000cam a2200000 a 4500
001 in00000035130
005 20151007055310.0
008 870324s1987 wlka 00010 eng
010 |a  87060980  
020 |a 0907476732 (pbk.) 
035 |a (OCoLC)17442800 
035 |9 AAB7834AM 
040 |a DLC  |c DLC  |d TXA  |d UtOrBLW 
049 |a TXAM  |c [A11087923] 
050 0 0 |a PR6065.R69  |b S45 1987 
082 0 |a 821/.914  |2 19 
100 1 |a Ormond, John,  |d 1923-1990. 
245 1 0 |a Selected poems /  |c John Ormond. 
264 1 |a Bridgend, Mid Glamorgan :  |b Poetry Wales Press ;  |c 1987. 
264 2 |a Chester Springs, PA :  |b U.S. distributor, Dufour Editions, 
300 |a 142 pages :  |b illustrations ;  |c 21 cm. 
336 |a text  |b txt  |2 rdacontent 
337 |a unmediated  |b n  |2 rdamedia 
338 |a volume  |b nc  |2 rdacarrier 
500 |a Distributor from label on back cover. 
999 |a MARS 
999 f f |s ac884651-76f9-39b4-ae98-42b40737372b  |i a8877025-ee0d-3bcf-9d7e-3c3086d620d4  |t 0 
952 f f |p ric  |a Texas A&M University  |b Rellis Campus  |c Joint Library Facility  |d Remote Storage  |t 0  |e PR6065.R69 S45 1987  |h Library of Congress classification  |i unmediated -- volume  |m A14811087923 
998 f f |a PR6065.R69 S45 1987  |t 0  |l Remote Storage